Market competitiveness in new world trade order / (Record no. 348186)
[ view plain ]
| 000 -LEADER | |
|---|---|
| fixed length control field | 00499 a2200145 4500 |
| 020 ## - INTERNATIONAL STANDARD BOOK NUMBER | |
| International Standard Book Number | 8189915126 (paperback) |
| 020 ## - INTERNATIONAL STANDARD BOOK NUMBER | |
| International Standard Book Number | 9788189915124 (paperback) |
| 090 ## - LOCALLY ASSIGNED LC-TYPE CALL NUMBER (OCLC); LOCAL CALL NUMBER (RLIN) | |
| -- | 5786 |
| -- | 5786 |
| 100 1# - MAIN ENTRY--PERSONAL NAME | |
| Personal name | Kundu, Surinder Singh. |
| 245 10 - TITLE STATEMENT | |
| Title | Market competitiveness in new world trade order / |
| Statement of responsibility, etc. | Surinder Singh Kundu. |
| 260 ## - PUBLICATION, DISTRIBUTION, ETC. | |
| Place of publication, distribution, etc. | [S.l.] : |
| Name of publisher, distributor, etc. | Regal Publications, |
| Date of publication, distribution, etc. | 2007. |
| 300 ## - PHYSICAL DESCRIPTION | |
| Extent | 192 p. |
| 856 40 - ELECTRONIC LOCATION AND ACCESS | |
| Materials specified | Amazon.com |
| Uniform Resource Identifier | <a href="http://www.amazon.com/exec/obidos/ASIN/8189915126/chopaconline-20">http://www.amazon.com/exec/obidos/ASIN/8189915126/chopaconline-20</a> |
| 942 ## - ADDED ENTRY ELEMENTS (KOHA) | |
| Institution code [OBSOLETE] | NBS |
| Koha item type | Book |
| Call number prefix | 338.45 KUN |
| Withdrawn status | Lost status | Damaged status | Not for loan | Permanent Location | Current Location | Date acquired | Total Checkouts | Full call number | Barcode | Date last seen | Date last checked out | Price effective from | Koha item type |
|---|---|---|---|---|---|---|---|---|---|---|---|---|---|
| Central Library (CL) | Central Library (CL) | 08/28/2013 | 1 | 338.45 KUN | NBS8525 | 11/22/2017 | 08/09/2017 | 08/28/2013 | Book |
